[Event "Coventry International"]
[Site "Coventry"]
[Date "2025.10.26"]
[Round "1.1"]
[White "Brett, Andrew R"]
[Black "Harikrishnan, A Ra"]
[Result "0-1"]
[WhiteElo "2034"]
[BlackElo "2534"]
[PlyCount "72"]
[EventDate "2025.10.26"]
[EventType "swiss"]
[EventRounds "9"]
[EventCountry "ENG"]
[SourceTitle "BritBase"]
[Source "John Saunders"]
[SourceDate "2025.10.31"]
[SourceVersion "1"]
[SourceVersionDate "2025.10.31"]
[SourceQuality "1"]

1. d4 Nf6 2. c4 e6 3. Nf3 Bb4+ 4. Bd2 Qe7 5. g3 Nc6 6. Bg2 Bxd2+ 7. Nbxd2 d6 8. O-O e5 9. d5 Nb8 10. Ne1 e4 11. Nc2 O-O 12. Ne3 Qe5 13. Qc2 Re8 14. Rae1 a5 15. c5 dxc5 16. Ndc4 Qe7 17. Rd1 Ra6 18. a4 Ng4 19. Qd2 Nxe3 20. fxe3 Rd8 21. Qc2 f5 22. Qc3 g6 23. g4 fxg4 24. Rf4 Bf5 25. Ne5 Nd7 26. Nxg4 Qg7 27. Qc4 Rd6 28. Qc2 Bxg4 29. Rxg4 Nf6 30. Rf4 b6 31. Rdf1 Qe7 32. Qc4 Qe5 33. Bxe4 g5 34. Rxf6 Rxf6 35. d6+ Kg7 36. Rxf6 Qxf6 0-1

[Event "Coventry International"]
[Site "Coventry"]
[Date "2025.10.26"]
[Round "1.2"]
[White "Wadsworth, Matthew J"]
[Black "Sasikumar, Srivathsan"]
[Result "1-0"]
[WhiteElo "2487"]
[BlackElo "2021"]
[PlyCount "39"]
[EventDate "2025.10.26"]
[EventType "swiss"]
[EventRounds "9"]
[EventCountry "ENG"]
[SourceTitle "BritBase"]
[Source "John Saunders"]
[SourceDate "2025.10.31"]
[SourceVersion "1"]
[SourceVersionDate "2025.10.31"]
[SourceQuality "1"]

1. Nf3 d5 2. e3 Nf6 3. c4 e6 4. Nc3 c6 5. b3 Nbd7 6. Bb2 Bd6 7. Qc2 b6 8. Be2 Bb7 9. d4 Rc8 10. O-O a6 11. Rad1 c5 12. cxd5 exd5 13. Qf5 Qe7 14. dxc5 Nxc5 15. Nxd5 Nxd5 16. Rxd5 O-O 17. Ng5 g6 18. Qh3 f6 19. Rxd6 fxg5 20. Rxg6+ 1-0

[Event "Coventry International"]
[Site "Coventry"]
[Date "2025.10.26"]
[Round "1.3"]
[White "Dupuis, Denis K"]
[Black "Willow, Jonah B"]
[Result "0-1"]
[WhiteElo "2013"]
[BlackElo "2472"]
[PlyCount "102"]
[EventDate "2025.10.26"]
[EventType "swiss"]
[EventRounds "9"]
[EventCountry "ENG"]
[SourceTitle "BritBase"]
[Source "John Saunders"]
[SourceDate "2025.10.31"]
[SourceVersion "1"]
[SourceVersionDate "2025.10.31"]
[SourceQuality "1"]

1. e4 c5 2. Nc3 Nc6 3. Bb5 Nd4 4. Nf3 a6 5. Bd3 g6 6. a3 Bg7 7. b4 b6 8. bxc5 bxc5 9. Rb1 Nh6 10. Nxd4 cxd4 11. Ne2 d5 12. c3 dxc3 13. dxc3 O-O 14. O-O e5 15. Bc2 Be6 16. Bb3 Rb8 17. Bxh6 Bxh6 18. exd5 Bf5 19. Ra1 Qa5 20. c4 Bg4 21. Bc2 Rb2 22. f3 Qc5+ 23. Kh1 Qxc4 24. Bd3 Qxd5 25. Bxa6 Rd2 26. Qa4 Bd7 27. Qe4 Qd6 28. Bc4 Rc8 29. Bb3 Rb8 30. Bc4 Kg7 31. Ng3 Rbb2 32. Be2 Bf4 33. Rfd1 Bc6 34. Rxd2 Rxd2 35. Qc4 Bd5 36. Qa6 Qd8 37. Rd1 Bb3 38. Rxd2 Qxd2 39. Qd3 Qe1+ 40. Bf1 Be6 41. a4 Qa1 42. Qb5 h5 43. a5 f5 44. a6 h4 45. a7 hxg3 46. hxg3 Be3 47. f4 Bxa7 48. Kh2 Qd4 49. Qb7+ Kh6 50. g4 Qg1+ 51. Kg3 Qf2+ 0-1

[Event "Coventry International"]
[Site "Coventry"]
[Date "2025.10.26"]
[Round "1.4"]
[White "Plat, Vojtech"]
[Black "Hariharan, Shambavi"]
[Result "1-0"]
[WhiteElo "2456"]
[BlackElo "1989"]
[PlyCount "83"]
[EventDate "2025.10.26"]
[EventType "swiss"]
[EventRounds "9"]
[EventCountry "ENG"]
[SourceTitle "BritBase"]
[Source "John Saunders"]
[SourceDate "2025.10.31"]
[SourceVersion "1"]
[SourceVersionDate "2025.10.31"]
[SourceQuality "1"]

1. d4 Nf6 2. Nf3 e6 3. e3 b6 4. b3 Bb7 5. Bd3 Be7 6. O-O O-O 7. Bb2 c5 8. Nbd2 d6 9. c4 Nbd7 10. Qc2 Re8 11. Rad1 Bf8 12. dxc5 bxc5 13. Ng5 g6 14. Nde4 d5 15. cxd5 Nxe4 16. Nxe4 exd5 17. Qc3 f6 18. Nxf6+ Nxf6 19. Qxf6 Qxf6 20. Bxf6 Kf7 21. Bc3 Rac8 22. Be2 Bg7 23. Bxg7 Kxg7 24. Bf3 Red8 25. Rd2 Kf6 26. Rfd1 Ke5 27. Bg4 Rc7 28. f4+ Kf6 29. Bf3 Ke6 30. Kf2 h6 31. h4 Re7 32. Rc1 Rc7 33. e4 d4 34. Rdc2 d3 35. Rxc5 Rxc5 36. Rxc5 d2 37. Bg4+ Kf6 38. e5+ Ke7 39. Rc7+ Ke8 40. Rxb7 d1=Q 41. Bxd1 Rxd1 42. Rxa7 1-0

[Event "Coventry International"]
[Site "Coventry"]
[Date "2025.10.26"]
[Round "1.5"]
[White "Doran, Chris"]
[Black "Kovchan, Alexander"]
[Result "0-1"]
[WhiteElo "1972"]
[BlackElo "2444"]
[PlyCount "60"]
[EventDate "2025.10.26"]
[EventType "swiss"]
[EventRounds "9"]
[EventCountry "ENG"]
[SourceTitle "BritBase"]
[Source "John Saunders"]
[SourceDate "2025.10.31"]
[SourceVersion "1"]
[SourceVersionDate "2025.10.31"]
[SourceQuality "1"]

1. e4 d6 2. d4 Nf6 3. Nc3 g6 4. Be3 Bg7 5. Qd2 a6 6. O-O-O b5 7. f3 Nbd7 8. h4 h5 9. Nh3 Nb6 10. b3 Bxh3 11. Rxh3 Qc8 12. Bd3 Nfd7 13. f4 c5 14. dxc5 Nxc5 15. Nd5 Nxd5 16. exd5 Nxd3+ 17. Qxd3 Qg4 18. Rhh1 Rc8 19. Qe4 O-O 20. Bd4 Bh6 21. Rdf1 Rc7 22. Kb1 Rfc8 23. Rf2 Bg7 24. Bxg7 Kxg7 25. Re2 a5 26. Qd4+ Kg8 27. Qe4 a4 28. g3 Qxg3 29. Rg2 Qc3 30. Rhg1 Kf8 0-1

[Event "Coventry International"]
[Site "Coventry"]
[Date "2025.10.26"]
[Round "1.6"]
[White "Wang, Hao ZJ"]
[Black "Keerthi Kumar, Advait"]
[Result "1-0"]
[WhiteElo "2424"]
[BlackElo "1968"]
[PlyCount "91"]
[EventDate "2025.10.26"]
[EventType "swiss"]
[EventRounds "9"]
[EventCountry "ENG"]
[SourceTitle "BritBase"]
[Source "John Saunders"]
[SourceDate "2025.10.31"]
[SourceVersion "1"]
[SourceVersionDate "2025.10.31"]
[SourceQuality "1"]

1. e4 c6 2. d4 d5 3. exd5 cxd5 4. Bd3 Nc6 5. c3 Nf6 6. h3 e6 7. Bf4 Bd6 8. Bxd6 Qxd6 9. Nf3 O-O 10. Qe2 Re8 11. Ne5 Qc7 12. O-O Nxe5 13. dxe5 Nd7 14. Re1 f5 15. Na3 a6 16. c4 Nc5 17. Rac1 Qe7 18. cxd5 exd5 19. Qe3 b6 20. Bb1 Be6 21. Nc2 Rac8 22. Nd4 Rf8 23. b4 Ne4 24. f3 Ng3 25. Rxc8 Rxc8 26. Nxe6 Qxe6 27. Qf4 Nh5 28. Qxf5 Qxf5 29. Bxf5 Re8 30. Kf2 Kf7 31. g3 g6 32. Bg4 Ng7 33. f4 h5 34. Be2 a5 35. Rd1 Ke6 36. Rc1 Ra8 37. Rc6+ Kf7 38. b5 Rb8 39. Rf6+ Ke7 40. Rxg6 Ne6 41. Bxh5 Nd4 42. Rh6 Nxb5 43. Rh7+ Kd8 44. e6 Nd6 45. e7+ Kc8 46. Bg4+ 1-0

[Event "Coventry International"]
[Site "Coventry"]
[Date "2025.10.26"]
[Round "1.7"]
[White "Ireland, David J"]
[Black "Gormally, Daniel W"]
[Result "0-1"]
[WhiteElo "1956"]
[BlackElo "2396"]
[PlyCount "100"]
[EventDate "2025.10.26"]
[EventType "swiss"]
[EventRounds "9"]
[EventCountry "ENG"]
[SourceTitle "BritBase"]
[Source "John Saunders"]
[SourceDate "2025.10.31"]
[SourceVersion "1"]
[SourceVersionDate "2025.10.31"]
[SourceQuality "1"]

1. d4 Nf6 2. Nc3 d6 3. e4 c6 4. Be2 Nbd7 5. f4 Qa5 6. Qd3 e5 7. Nf3 Be7 8. Bd2 Qc7 9. a4 O-O 10. O-O b6 11. Kh1 a5 12. Be3 Re8 13. Rad1 Bf8 14. fxe5 dxe5 15. dxe5 Ng4 16. Bf4 Ndxe5 17. Nxe5 Nxe5 18. Qg3 f6 19. Bc4+ Be6 20. Bxe5 Qxe5 21. Qxe5 fxe5 22. Bxe6+ Rxe6 23. Rd7 Rd6 24. Rd1 Rf6 25. g3 Bc5 26. Rc7 Raf8 27. Rdd7 Rg6 28. Nd1 Rf1+ 29. Kg2 Rg1+ 30. Kf3 h5 31. Rd8+ Kh7 32. Ne3 Bxe3 33. Kxe3 Re1+ 34. Kd2 Rh1 35. Re8 Rxh2+ 36. Kc1 Rh1+ 37. Kd2 Rxg3 38. b3 Rh2+ 39. Kc1 Rc3 40. Rxe5 Rcxc2+ 41. Kb1 Rb2+ 42. Kc1 Rbg2 43. Rd7 Rg1+ 44. Rd1 Rxd1+ 45. Kxd1 h4 46. Rf5 Kg6 47. Rf8 Rg2 48. e5 h3 49. e6 h2 50. e7 h1=Q+ 0-1

[Event "Coventry International"]
[Site "Coventry"]
[Date "2025.10.26"]
[Round "1.8"]
[White "Lohia, Sohum"]
[Black "Vaidyanathan, Avinash"]
[Result "1/2-1/2"]
[WhiteElo "2391"]
[BlackElo "1949"]
[PlyCount "105"]
[EventDate "2025.10.26"]
[EventType "swiss"]
[EventRounds "9"]
[EventCountry "ENG"]
[SourceTitle "BritBase"]
[Source "John Saunders"]
[SourceDate "2025.10.31"]
[SourceVersion "1"]
[SourceVersionDate "2025.10.31"]
[SourceQuality "1"]

1. e4 c5 2. Nf3 Nc6 3. Nc3 g6 4. Bb5 Bg7 5. O-O e5 6. d3 Nge7 7. Bc4 h6 8. a3 O-O 9. b4 d6 10. bxc5 dxc5 11. Rb1 Kh7 12. h3 Rb8 13. Re1 a6 14. a4 Nd4 15. Nxd4 cxd4 16. Nd5 Nxd5 17. Bxd5 f5 18. Ba3 Rf6 19. Qd2 f4 20. f3 Bd7 21. c4 b5 22. cxb5 axb5 23. a5 Ra6 24. Bb4 Qg5 25. Kf1 Qh5 26. Qe2 g5 27. Rec1 Ra7 28. Rc2 Rc8 29. Rxc8 Bxc8 30. Rc1 Bd7 31. Kg1 Qg6 32. Qc2 h5 33. Qc5 Ra6 34. Qe7 Be6 35. Bxe6 Rxe6 36. Qd8 Re8 37. Qd7 Re6 38. Rc7 Kh6 39. Qd8 Re8 40. Qd5 Re6 41. Be7 g4 42. h4 Rxe7 43. Rxe7 gxf3 44. Re6 Bf6 45. Rxf6 Qxf6 46. gxf3 Qxh4 47. Qe6+ Kh7 48. Qf7+ Kh6 49. Qe6+ Kh7 50. Qd7+ Kh6 51. Qd6+ Kh7 52. Qd7+ Kh6 53. Qe6+ 1/2-1/2

[Event "Coventry International"]
[Site "Coventry"]
[Date "2025.10.26"]
[Round "1.9"]
[White "Udovenko, Daniel Alexander"]
[Black "Golubka, Petr"]
[Result "1/2-1/2"]
[WhiteElo "1945"]
[BlackElo "2385"]
[PlyCount "96"]
[EventDate "2025.10.26"]
[EventType "swiss"]
[EventRounds "9"]
[EventCountry "ENG"]
[SourceTitle "BritBase"]
[Source "John Saunders"]
[SourceDate "2025.10.31"]
[SourceVersion "1"]
[SourceVersionDate "2025.10.31"]
[SourceQuality "1"]

1. e4 c5 2. Nf3 d6 3. d4 cxd4 4. Nxd4 Nf6 5. Nc3 a6 6. h3 h5 7. Bg5 Nc6 8. Qd2 Nh7 9. Be3 e5 10. Nf3 Be6 11. Be2 Rc8 12. g4 Nf6 13. gxh5 d5 14. exd5 Nxd5 15. Nxd5 Qxd5 16. Rg1 Nb4 17. c3 Qxd2+ 18. Kxd2 Rd8+ 19. Kc1 Nd3+ 20. Bxd3 Rxd3 21. h6 gxh6 22. Nxe5 Rd5 23. Bd4 Bc5 24. Nf3 Bxd4 25. Nxd4 Bxh3 26. Kc2 Kf8 27. Rae1 h5 28. Re3 Bd7 29. f4 Bg4 30. Kd3 Rd8 31. Re5 Rh6 32. Ke3 Rb6 33. Rg2 f6 34. Rc5 Re8+ 35. Kd3 Rd6 36. Rh2 Re7 37. Kc2 b6 38. Rcxh5 Bxh5 39. Rxh5 Kg8 40. Rh2 Rdd7 41. a4 Rh7 42. Rg2+ Kf7 43. Kb3 Rh4 44. f5 Rd5 45. Re2 Re5 46. Rxe5 fxe5 47. Nf3 Rh6 48. Nxe5+ Ke7 1/2-1/2

[Event "Coventry International"]
[Site "Coventry"]
[Date "2025.10.26"]
[Round "1.10"]
[White "Kanyamarala, Tarun"]
[Black "Patel, Devan"]
[Result "1-0"]
[WhiteElo "2376"]
[BlackElo "1938"]
[PlyCount "55"]
[EventDate "2025.10.26"]
[EventType "swiss"]
[EventRounds "9"]
[EventCountry "ENG"]
[SourceTitle "BritBase"]
[Source "John Saunders"]
[SourceDate "2025.10.31"]
[SourceVersion "1"]
[SourceVersionDate "2025.10.31"]
[SourceQuality "1"]

1. e4 e5 2. Nf3 Nc6 3. Bc4 Nf6 4. d3 Bc5 5. O-O O-O 6. Re1 d6 7. c3 Bg4 8. h3 Bh5 9. a4 a5 10. Nbd2 h6 11. Nf1 d5 12. exd5 Nxd5 13. Ng3 Bg6 14. Nxe5 Nxe5 15. Rxe5 Bxf2+ 16. Kxf2 Qf6+ 17. Qf3 Qxe5 18. d4 Qd6 19. Qxd5 Qxd5 20. Bxd5 c6 21. Bf3 Rfe8 22. Bf4 Re7 23. Nf1 Be4 24. Re1 Rae8 25. Bd6 Re6 26. Rxe4 Rxe4 27. Bxe4 Rxe4 28. Nd2 1-0

[Event "Coventry International"]
[Site "Coventry"]
[Date "2025.10.26"]
[Round "1.11"]
[White "Sandhu, Manvith"]
[Black "Jackson, James P"]
[Result "0-1"]
[WhiteElo "1937"]
[BlackElo "2365"]
[PlyCount "114"]
[EventDate "2025.10.26"]
[EventType "swiss"]
[EventRounds "9"]
[EventCountry "ENG"]
[SourceTitle "BritBase"]
[Source "John Saunders"]
[SourceDate "2025.10.31"]
[SourceVersion "1"]
[SourceVersionDate "2025.10.31"]
[SourceQuality "1"]

1. e4 c5 2. Nf3 d6 3. d4 cxd4 4. Qxd4 Nc6 5. Bb5 a6 6. Bxc6+ bxc6 7. Nc3 e5 8. Qd2 Ne7 9. O-O Ng6 10. Re1 Be7 11. b3 O-O 12. Bb2 f5 13. Nd5 cxd5 14. Qxd5+ Kh8 15. Qxa8 Qb6 16. Qd5 Bb7 17. Qd3 Nf4 18. Qe3 Qc6 19. Nd4 exd4 20. Qxf4 fxe4 21. Qg3 Bf6 22. Rad1 Be5 23. Qh4 e3 24. f3 g5 25. Qg4 Rf4 26. Qxg5 Qxc2 27. Qd8+ Kg7 28. Qe7+ Kg6 29. Qe6+ Bf6 30. Qg8+ Bg7 31. Qe8+ Kg5 32. Qd8+ Bf6 33. Qg8+ Qg6 34. Qxg6+ Kxg6 35. g3 Bxf3 36. gxf4 Bxd1 37. Rxd1 e2 38. Re1 d3 39. Bc1 Bh4 40. Bd2 Kf5 41. Rc1 Ke4 42. Kg2 d5 43. b4 Bf6 44. a4 Bb2 45. Rb1 Bd4 46. b5 axb5 47. axb5 Bb6 48. f5 Be3 49. f6 Bxd2 50. f7 Bh6 51. Kf2 Bf8 52. b6 Bc5+ 53. Kg2 d2 54. f8=Q Bxf8 55. b7 Bd6 56. Rb4+ Kd3 57. Rb3+ Kc2 0-1

[Event "Coventry International"]
[Site "Coventry"]
[Date "2025.10.26"]
[Round "1.12"]
[White "Hebden, Mark L"]
[Black "Young, Daniel J"]
[Result "1-0"]
[WhiteElo "2355"]
[BlackElo "1933"]
[PlyCount "59"]
[EventDate "2025.10.26"]
[EventType "swiss"]
[EventRounds "9"]
[EventCountry "ENG"]
[SourceTitle "BritBase"]
[Source "John Saunders"]
[SourceDate "2025.10.31"]
[SourceVersion "1"]
[SourceVersionDate "2025.10.31"]
[SourceQuality "1"]

1. d4 Nf6 2. Bg5 d5 3. e3 c5 4. Bxf6 gxf6 5. dxc5 e6 6. Nf3 Bxc5 7. c4 dxc4 8. Qa4+ Nc6 9. Qxc4 Qe7 10. Nc3 O-O 11. O-O-O Kh8 12. g4 a6 13. Bd3 Rg8 14. Rhg1 Bd7 15. Bxh7 Kxh7 16. Qd3+ Kg7 17. Qxd7 Qxd7 18. Rxd7 b5 19. g5 f5 20. g6 Be7 21. Nd4 Rgd8 22. Rc7 Nxd4 23. Rxe7 Nf3 24. Rxf7+ Kg8 25. Rd1 b4 26. Rxd8+ Rxd8 27. Na4 Rd2 28. Nc5 Rd6 29. Nd7 Ng5 30. Nf6+ 1-0

[Event "Coventry International"]
[Site "Coventry"]
[Date "2025.10.26"]
[Round "1.13"]
[White "Moyse, Nigel J"]
[Black "Shearsby, Jude"]
[Result "0-1"]
[WhiteElo "1926"]
[BlackElo "2330"]
[PlyCount "42"]
[EventDate "2025.10.26"]
[EventType "swiss"]
[EventRounds "9"]
[EventCountry "ENG"]
[SourceTitle "BritBase"]
[Source "John Saunders"]
[SourceDate "2025.10.31"]
[SourceVersion "1"]
[SourceVersionDate "2025.10.31"]
[SourceQuality "1"]

1. d4 d5 2. Bf4 c5 3. e3 Nc6 4. Nd2 cxd4 5. exd4 Nxd4 6. Ngf3 Nc6 7. c4 Nf6 8. Qb3 e6 9. Rd1 Bc5 10. Bd3 Qb6 11. O-O Qxb3 12. Nxb3 Be7 13. cxd5 Nxd5 14. Bg3 Bd7 15. a3 O-O 16. Rfe1 Rac8 17. Bb5 Rfe8 18. Bc4 Nb6 19. Bd3 Red8 20. Ne5 Nxe5 21. Bxe5 Ba4 0-1

[Event "Coventry International"]
[Site "Coventry"]
[Date "2025.10.26"]
[Round "1.14"]
[White "Mirzoeva, Elmira"]
[Black "Lazarus, Simon E"]
[Result "1-0"]
[WhiteElo "2300"]
[BlackElo "1910"]
[PlyCount "69"]
[EventDate "2025.10.26"]
[EventType "swiss"]
[EventRounds "9"]
[EventCountry "ENG"]
[SourceTitle "BritBase"]
[Source "John Saunders"]
[SourceDate "2025.10.31"]
[SourceVersion "1"]
[SourceVersionDate "2025.10.31"]
[SourceQuality "1"]

1. Nf3 d5 2. d4 Nf6 3. c4 e6 4. Nc3 c5 5. cxd5 cxd4 6. Qxd4 exd5 7. e4 dxe4 8. Qxd8+ Kxd8 9. Ng5 Be6 10. Nxe6+ fxe6 11. Bg5 Nbd7 12. O-O-O Ke7 13. Nxe4 a6 14. Nd6 b5 15. Be2 h6 16. Bh4 g5 17. Bg3 h5 18. Bf3 Rd8 19. Nb7 Rc8+ 20. Kb1 g4 21. Nd6 Rd8 22. Bb7 h4 23. Bf4 Bh6 24. Bxh6 Rxh6 25. Bxa6 Nc5 26. Nc8+ Rxc8 27. Bxc8 Rh8 28. Rc1 Nfe4 29. Rhe1 Rxc8 30. Rxe4 Nxe4 31. Rxc8 Nxf2 32. Kc2 Kf7 33. Rh8 h3 34. gxh3 gxh3 35. b3 1-0

[Event "Coventry International"]
[Site "Coventry"]
[Date "2025.10.26"]
[Round "1.15"]
[White "Sieczkowski, Adam"]
[Black "Vijayakumar, Rishi"]
[Result "0-1"]
[WhiteElo "1909"]
[BlackElo "2300"]
[PlyCount "226"]
[EventDate "2025.10.26"]
[EventType "swiss"]
[EventRounds "9"]
[EventCountry "ENG"]
[SourceTitle "BritBase"]
[Source "John Saunders"]
[SourceDate "2025.10.31"]
[SourceVersion "1"]
[SourceVersionDate "2025.10.31"]
[SourceQuality "1"]

1. d4 Nf6 2. Nf3 d5 3. c4 e6 4. Nc3 Bb4 5. e3 c5 6. a3 Bxc3+ 7. bxc3 O-O 8. cxd5 exd5 9. Bd3 c4 10. Bc2 Bg4 11. h3 Bh5 12. g4 Bg6 13. Nh4 Ne4 14. Nxg6 fxg6 15. Bxe4 dxe4 16. Rb1 Qd5 17. a4 a6 18. Ba3 Rf7 19. Qc2 Nd7 20. g5 Re8 21. h4 Re6 22. Rg1 Rf3 23. Rb4 b6 24. Qa2 Rc6 25. Rg3 Qf5 26. Qe2 b5 27. axb5 axb5 28. Rxf3 exf3 29. e4 Qg4 30. Qe3 Ra6 31. Bb2 Qg1+ 32. Kd2 Qb1 33. Qe1 Qd3+ 34. Kc1 Nb6 35. Rxb5 Na4 36. Rb8+ Kf7 37. Qd2 Qxe4 38. Ba3 Ra8 39. Rxa8 Qxa8 40. Qf4+ Kg8 41. Bb4 Nb6 42. Kb2 Na4+ 43. Kb1 Nb6 44. Qe3 Qc6 45. Qe7 Qc8 46. Kb2 Nd5 47. Qe4 Qd7 48. Bc5 Qb7+ 49. Kc1 Qa8 50. Qxf3 Qa1+ 51. Kc2 Qa2+ 52. Kd1 Qa1+ 53. Kc2 Qa2+ 54. Kd1 Qb3+ 55. Ke2 Nxc3+ 56. Kf1 Qb1+ 57. Kg2 Qe4 58. Qxe4 Nxe4 59. Kf3 Nc3 60. Bb4 Nd5 61. Ba3 Kf7 62. Ke4 Ke6 63. Bf8 Nc3+ 64. Ke3 Nd5+ 65. Ke4 Nc3+ 66. Ke3 Kf5 67. Bd6 Nd5+ 68. Ke2 Kg4 69. Bg3 Kf5 70. f3 h6 71. gxh6 gxh6 72. Kd2 Ke6 73. Be5 Kd7 74. Bg7 h5 75. Bh6 Kc6 76. Kc2 Ne7 77. Be3 Nf5 78. Bf2 Kd5 79. Kc3 Nd6 80. Kb4 Nf7 81. Be3 Nd8 82. Kc3 Nf7 83. Bf4 Nd8 84. Bg5 Ne6 85. Be3 Ng7 86. Bg1 Nf5 87. Bf2 Ne7 88. Be3 Nc8 89. Bf2 Na7 90. Kb4 Nc6+ 91. Kc3 Na5 92. Bg1 Nb7 93. Bh2 Nd8 94. Bf4 Nf7 95. Bg3 g5 96. Be1 gxh4 97. Bxh4 Nd6 98. Bf2 Nf5 99. f4 h4 100. Bg1 h3 101. Bh2 Nxd4 102. Kb4 Nf3 103. Bg3 h2 104. Bxh2 Nxh2 105. f5 Ng4 106. Kc3 Kc5 107. Kc2 Kd4 108. Kd2 c3+ 109. Kc1 Kd3 110. Kd1 c2+ 111. Kc1 Kc3 112. f6 Nf2 113. f7 Nd3# 0-1

[Event "Coventry International"]
[Site "Coventry"]
[Date "2025.10.26"]
[Round "1.16"]
[White "Balaji, Aaravamudhan"]
[Black "Ward, Cian"]
[Result "1/2-1/2"]
[WhiteElo "2288"]
[BlackElo "1909"]
[PlyCount "100"]
[EventDate "2025.10.26"]
[EventType "swiss"]
[EventRounds "9"]
[EventCountry "ENG"]
[SourceTitle "BritBase"]
[Source "John Saunders"]
[SourceDate "2025.10.31"]
[SourceVersion "1"]
[SourceVersionDate "2025.10.31"]
[SourceQuality "1"]

1. d4 d5 2. c4 e6 3. Nc3 Nf6 4. cxd5 exd5 5. Bg5 c6 6. e3 h6 7. Bh4 Be7 8. Bd3 O-O 9. Nge2 Ne4 10. Bxe7 Qxe7 11. Bxe4 dxe4 12. Ng3 f5 13. O-O Be6 14. f3 exf3 15. Rxf3 Nd7 16. Qc2 Nb6 17. Qf2 Nc4 18. Nh5 Bf7 19. Nf4 Nd6 20. Qc2 Ne4 21. Nxe4 Qxe4 22. Qxe4 fxe4 23. Rf2 g5 24. Ne2 Bc4 25. Rxf8+ Rxf8 26. Ng3 Bd3 27. Nh1 Rf5 28. Nf2 c5 29. Nxd3 exd3 30. e4 Rf4 31. dxc5 Rxe4 32. Rd1 Re2 33. b3 Rc2 34. Rxd3 Rxc5 35. h4 Rb5 36. hxg5 Rxg5 37. Rd6 Kh7 38. Kh2 Rg7 39. Kh3 Re7 40. Kg4 Re2 41. Rd7+ Kg6 42. a4 Re4+ 43. Kf3 Rb4 44. Rd3 a5 45. g4 b5 46. axb5 Rxb5 47. Kg3 Rb4 48. Kh4 a4 49. bxa4 Rxa4 50. Rb3 Ra1 1/2-1/2

[Event "Coventry International"]
[Site "Coventry"]
[Date "2025.10.26"]
[Round "1.17"]
[White "Liu, Jacob"]
[Black "Lewis, Andrew P"]
[Result "0-1"]
[WhiteElo "1902"]
[BlackElo "2268"]
[PlyCount "88"]
[EventDate "2025.10.26"]
[EventType "swiss"]
[EventRounds "9"]
[EventCountry "ENG"]
[SourceTitle "BritBase"]
[Source "John Saunders"]
[SourceDate "2025.10.31"]
[SourceVersion "1"]
[SourceVersionDate "2025.10.31"]
[SourceQuality "1"]

1. e4 c5 2. Nf3 Nc6 3. d4 cxd4 4. Nxd4 Nf6 5. Nc3 d6 6. Bg5 e6 7. Qd2 a6 8. O-O-O Bd7 9. Kb1 h6 10. Bh4 Nxe4 11. Nxe4 Qxh4 12. Nxd6+ Bxd6 13. Nf3 Qe7 14. Qxd6 Qxd6 15. Rxd6 Ke7 16. Rd2 g5 17. Be2 Rhd8 18. h4 g4 19. Nd4 h5 20. Rhd1 Nxd4 21. Rxd4 e5 22. Rd5 f6 23. g3 Rac8 24. Bd3 Bc6 25. Rxd8 Rxd8 26. Kc1 Bf3 27. Rd2 e4 28. Bc4 Rf8 29. Rd4 b5 30. Bd5 Rd8 31. Kd2 Rxd5 32. Rxd5 e3+ 33. Kxe3 Bxd5 34. a3 Kd6 35. Kd4 a5 36. b3 b4 37. axb4 axb4 38. c4 bxc3 39. Kxc3 Ke5 40. b4 Ke4 41. Kd2 Kf3 42. b5 Kxf2 43. b6 f5 44. Kd1 f4 0-1

[Event "Coventry International"]
[Site "Coventry"]
[Date "2025.10.26"]
[Round "1.18"]
[White "Berry, Neil"]
[Black "McMahon, Paul"]
[Result "1-0"]
[WhiteElo "2266"]
[BlackElo "1894"]
[PlyCount "51"]
[EventDate "2025.10.26"]
[EventType "swiss"]
[EventRounds "9"]
[EventCountry "ENG"]
[SourceTitle "BritBase"]
[Source "John Saunders"]
[SourceDate "2025.10.31"]
[SourceVersion "1"]
[SourceVersionDate "2025.10.31"]
[SourceQuality "1"]

1. d4 d5 2. c4 e6 3. Nf3 Nf6 4. g3 Bb4+ 5. Nbd2 Bd6 6. Bg2 O-O 7. O-O c6 8. Qc2 b6 9. e4 dxe4 10. Nxe4 Nxe4 11. Qxe4 f5 12. Qe2 Qe8 13. Ne5 Bb7 14. Bf4 Qe7 15. Rad1 g5 16. Bc1 Bxe5 17. dxe5 Na6 18. Rd6 Rac8 19. Qd2 Nb8 20. Qxg5+ Qxg5 21. Bxg5 Kf7 22. Bf3 Rg8 23. Bh5+ Kf8 24. Bf6 c5 25. Rfd1 Nc6 26. Rd7 1-0

[Event "Coventry International"]
[Site "Coventry"]
[Date "2025.10.26"]
[Round "1.19"]
[White "Swiatkowski, Dominik"]
[Black "Navrotescu, Andreea-Cristiana"]
[Result "0-1"]
[WhiteElo "1891"]
[BlackElo "2257"]
[PlyCount "108"]
[EventDate "2025.10.26"]
[EventType "swiss"]
[EventRounds "9"]
[EventCountry "ENG"]
[SourceTitle "BritBase"]
[Source "John Saunders"]
[SourceDate "2025.10.31"]
[SourceVersion "1"]
[SourceVersionDate "2025.10.31"]
[SourceQuality "1"]

1. e4 c6 2. Nf3 d5 3. d3 dxe4 4. dxe4 Qxd1+ 5. Kxd1 Nf6 6. Nbd2 g6 7. Ne5 Nbd7 8. Nd3 Ng4 9. a4 h5 10. a5 Bh6 11. Nc4 Bxc1 12. Kxc1 h4 13. f3 Ngf6 14. c3 g5 15. Kc2 Nf8 16. Nde5 N6d7 17. a6 b5 18. Nxd7 Bxd7 19. Na5 c5 20. c4 b4 21. Bd3 Rh6 22. Nb3 Rc8 23. Rhd1 g4 24. Be2 gxf3 25. Bxf3 Be6 26. Na5 Nd7 27. b3 Ne5 28. Nb7 h3 29. Rd2 hxg2 30. Rad1 Bd7 31. Bxg2 Rxh2 32. Rh1 Rxh1 33. Bxh1 Rc6 34. Rd5 Ng4 35. Rg5 Kf8 36. Nxc5 Bc8 37. Bf3 f6 38. Rh5 Ne5 39. Rxe5 fxe5 40. Nd3 Rxa6 41. Nxb4 Rf6 42. Be2 Bb7 43. Bd3 a5 44. Nd5 Bxd5 45. cxd5 Rb6 46. Bc4 Kg7 47. Kd3 Kf6 48. Ke3 Kg5 49. Kf3 Rh6 50. Kg3 Rh1 51. d6 exd6 52. Bd5 Rd1 53. Be6 Rd3+ 54. Kf2 Kf4 0-1

[Event "Coventry International"]
[Site "Coventry"]
[Date "2025.10.26"]
[Round "1.20"]
[White "Turner, Max N"]
[Black "Moss, Jack O"]
[Result "1/2-1/2"]
[WhiteElo "2255"]
[BlackElo "1886"]
[PlyCount "48"]
[EventDate "2025.10.26"]
[EventType "swiss"]
[EventRounds "9"]
[EventCountry "ENG"]
[SourceTitle "BritBase"]
[Source "John Saunders"]
[SourceDate "2025.10.31"]
[SourceVersion "1"]
[SourceVersionDate "2025.10.31"]
[SourceQuality "1"]

1. d4 d5 2. c4 c6 3. Nf3 Nf6 4. Nc3 dxc4 5. a4 Bf5 6. e3 e6 7. Bxc4 Bb4 8. O-O O-O 9. Qe2 Bg6 10. Ne5 Nbd7 11. Nxg6 hxg6 12. Rd1 Qe7 13. e4 e5 14. d5 Nb6 15. dxc6 Nxc4 16. Qxc4 bxc6 17. Bg5 Qc5 18. Qxc5 Bxc5 19. Rd2 Rab8 20. Bxf6 gxf6 21. Ne2 Rfd8 22. Rc2 Bd4 23. Nxd4 Rxd4 24. f3 Kg7 1/2-1/2